|
|
|
|
| LEADER |
00755nam a2200241 a 4500 |
| 003 |
AR-BeUNQ |
| 005 |
20240710114554.0 |
| 007 |
ta |
| 008 |
220816s1997 ag a 000 0 spa d |
| 999 |
|
|
|c 29378
|d 113178
|
| 020 |
|
|
|a 9500417464
|
| 040 |
|
|
|a AR-BeUNQ
|b spa
|c AR-BeUNQ
|e aacr
|
| 082 |
0 |
4 |
|a 920
|2 21
|
| 245 |
1 |
0 |
|a Memorias del general Miller /
|c escritas por John Miller
|
| 250 |
|
|
|a 1a ed.
|
| 260 |
|
|
|a Buenos Aires :
|b Emecé,
|c 1997
|
| 300 |
|
|
|a [392] p. :
|b il. ;
|c 21 cm.
|
| 490 |
1 |
|
|a Memoria argentina / colección dirigida por Alberto Casares.
|
| 650 |
|
7 |
|a Literatura (Arte)
|2 spines
|
| 655 |
|
7 |
|a Memorias
|2 ttll
|
| 830 |
|
0 |
|9 3382
|a Memoria argentina
|
| 929 |
|
|
|a DONACION
|b Susana Fratini
|d 350,00
|e 20171026
|g 3313
|h 1
|j 60060
|f PAT0078322
|
| 942 |
|
|
|c LIB
|n 0
|